[Event "GCT Paris Blitz 2021"]
[Site "Paris"]
[Date "2021.06.21"]
[Round "1"]
[White "Nepomniachtchi, Ian"]
[Black "Rapport, Richard"]
[Result "1/2-1/2"]
[WhiteElo "2792"]
[BlackElo "2763"]
[Annotator "TA"]
[PlyCount "72"]
[EventDate "2021.06.21"]
[EventType "tourn"]
[EventCountry "FRA"]
[SourceTitle "playchess.com"]
[Source "ChessBase"]
[SourceQuality "1"]

{[%evp 23,72,37,48,41,40,41,43,49,47,45,37,46,47,47,44,39,71,38,38,35,47,46,48,
47,78,79,67,62,89,77,81,78,46,77,78,79,79,0,0,0,0,0,0,0,0,0,0,0,0,0,0]} 1. e4
c5 2. Nf3 e6 3. d4 cxd4 4. Nxd4 Nf6 5. Nc3 Nc6 6. Ndb5 Bb4 7. a3 Bxc3+ 8. Nxc3
d5 9. exd5 exd5 10. Bd3 O-O 11. O-O Bg4 12. f3 Bh5 13. Bg5 {B45: Sicilian Four
Knights.} Qb6+ 14. Kh1 {And now Bxf6 would win.} Ne4 15. Nxe4 {White is
slightly better.} dxe4 16. Bxe4 Qxb2 17. Qb1 {has lost popularity (17.Rb1).}
Qb6 18. Qxb6 axb6 19. Rfb1 Bg6 {[#]} 20. Bxc6 $146 ({Predecessor:} 20. Bxg6
hxg6 21. Rxb6 Rfe8 {1/2-1/2 (21) Brackmann,H (2003)-Byway,P (2098) England 2016
}) 20... bxc6 21. Rxb6 h6 22. Be7 Rfe8 23. Bb4 Rac8 24. a4 c5 25. Bc3 Re3 26.
Bd2 Re2 27. Bf4 {Strongly threatening a5.} Rce8 {[#] ( -> ...Re1+)} 28. Bg3 {
Threatens to win with a5.} Rxc2 29. a5 {a6 is the strong threat.} Ree2 30. a6 (
{White should try} 30. Rb3 $16) 30... Ra2 $11 {The position is equal.} 31. Rxa2
Rxa2 {KRB-KRB} 32. Kg1 Bd3 33. Rc6 Ra1+ 34. Kf2 Ra2+ 35. Kg1 Ra1+ 36. Kf2 Ra2+
{Weighted Error Value: White=0.06/Black=0.03} 1/2-1/2

[Event "GCT Paris Blitz 2021"]
[Site "Paris"]
[Date "2021.06.21"]
[Round "1"]
[White "Radjabov, Teimour"]
[Black "Firouzja, Alireza"]
[Result "0-1"]
[WhiteElo "2765"]
[BlackElo "2759"]
[Annotator "TA"]
[PlyCount "114"]
[EventDate "2021.06.21"]
[EventType "tourn"]
[EventCountry "FRA"]
[SourceTitle "playchess.com"]
[Source "ChessBase"]
[SourceQuality "1"]

{[%evp 9,114,18,49,34,38,38,33,34,39,38,50,48,50,58,77,16,87,35,154,109,206,49,
46,47,49,47,43,45,58,0,122,123,247,-166,-145,-133,-129,-280,-22,-34,-29,-52,0,
-80,-74,-69,-75,-62,0,0,0,-14,-11,-56,-36,-58,-74,-125,-125,-172,-125,-124,
-123,-366,-350,-410,-166,-390,-262,-261,-266,-267,-165,-175,-175,-523,-287,
-287,-287,-253,123,47,118,118,299,-289,-289,-289,-289,-289,-289,-289,-289,-288,
-287,-279,-279,-552,-547,-29970,-29971,-6230,-1131,-5169,-5169,-6095,-858]} 1.
d4 d5 2. Nf3 Nf6 3. c4 e6 4. Nc3 dxc4 5. e4 b5 6. e5 {D24: Queen's Gambit
Accepted: 3 Nf3 Nf6 4 Nc3.} Nd5 7. Nxb5 Nb6 8. Nc3 {White is slightly better.}
Be7 $5 {[%mdl 4] An interesting side line.} 9. Be2 Nc6 10. O-O Bb7 $5 {[%mdl 4]
Exploring less charted territory.} 11. Be3 Qd7 12. Rc1 {[#]} (12. Qb1 $16)
12... g5 $146 (12... O-O $11) ({Predecessor:} 12... Nb4 13. a3 N4d5 14. Nxd5
Bxd5 15. Nd2 Rb8 16. Nxc4 Nxc4 17. Bxc4 Rxb2 18. Bxd5 exd5 {0-1 (63) Bok,B 
(2624)-Tatarinov,D (2320) chess.com INT 2020}) 13. Bxg5 (13. Nxg5 $16 Nxd4 14.
Qxd4 Qxd4 15. Bxd4 Bxg5 16. f4) 13... Rg8 (13... Nxd4 $14 14. Bxe7 (14. Qxd4
Qxd4 15. Nxd4 Bxg5 $11) (14. Nxd4 Bxg5 15. f4 Bh6 $11) 14... Nxf3+ 15. Bxf3
Qxd1 16. Bxd1 (16. Rcxd1 Bxf3 17. gxf3 Rg8+ 18. Kh1 Kxe7 $11) 16... Kxe7) 14.
Bxe7 Nxe7 (14... Qxe7 $16 15. d5 Rd8) 15. Ne1 $2 (15. b3 $18) 15... O-O-O $14
16. Bf3 Qxd4 17. Bxb7+ Kxb7 18. Qf3+ Nc6 {[%cal Be7c6,Bc6d4,Bd4f3][%mdl 32]}
19. Nc2 (19. Qxf7 $14 Nd5 20. Kh1) 19... Qd3 (19... Qxe5 $11 20. Nb4 Qc5 21.
Nxc6 Qxc6) 20. Ne3 $1 $16 Nd5 (20... Qd4 $16 {might work better.}) 21. Ne4 $4 {
[%mdl 8192]} (21. Rcd1 $1 $18 {[%cal Rd1d3]} Qg6 22. Ncxd5 (22. Nexd5 Nxe5 23.
Qh3 exd5 $11) 22... exd5 23. Rxd5 Rxd5 24. Qxd5) 21... Nd4 $36 {[%mdl 2048]
Black is in control.} 22. Nc5+ Kb6 23. Qxd5 {[#]} exd5 $2 (23... Qxf1+ $3 $19 {
[%mdl 512]} 24. Kxf1 exd5 25. Na4+ Ka5) 24. Nxd3 $11 cxd3 25. Rcd1 Nf3+ $1 26.
Kh1 Nxe5 27. f4 {[#]} d4 $1 28. Nf5 Ng4 (28... Nc4 $15 29. Rxd3 c5) 29. Rxd3 c5
30. h3 Nf6 31. Rc1 {Black should prevent Rb3+.} Ne4 32. Kh2 a5 $1 33. a3 (33.
g4 $142) 33... a4 $17 34. b3 axb3 35. Rxb3+ Kc7 36. a4 $2 (36. Rc4 $17) 36...
d3 $19 37. Ne3 Rd4 (37... d2 $142 38. Ra1 Rb8) 38. a5 $2 (38. Rcb1 Nd6 39. Rc3)
38... Ra8 39. Rcb1 {intending Rb7+.} Ra7 {And now ...Nd2 would win.} ({Not} 
39... Rxa5 40. Rb7+ Kc8 41. Rb8+ Kd7 42. R1b7+ Ke6 43. Re8+ Kf6 44. Rb6+ Rd6
45. Rb7 $15) 40. a6 Nd6 41. Rc3 c4 42. Rb4 $2 (42. Rd1) 42... d2 43. Nxc4 d1=Q
44. Ne5+ {[#]} Kd8 $2 {[#]} (44... Rc4 $1 $19 {[%cal Rc4c3]} 45. Nxc4 Kd8) 45.
Nc6+ ({Better is} 45. Rxd4 $1 $16 Qxd4 46. Nc6+ {[%mdl 64] Double Attack} Kd7
47. Nxd4) 45... Kd7 ({Black should play} 45... Kc7 $14 46. Rxd4 Qa1 47. Nxa7+
Qxc3 48. Rxd6 Qb3) 46. Rxd4 $16 Qa1 (46... Qxd4 $16 {was worth a try.} 47. Nxd4
Rxa6) 47. Rdd3 $4 {[%mdl 8192]} (47. Nxa7 $18 {was the only winning move.} Qxc3
48. Nb5 Qxd4 49. Nxd4) 47... Rxa6 $19 48. Nb8+ Ke6 {Threatens to win with ...
Ne4.} 49. Nxa6 Qxa6 50. Re3+ Kf6 51. Rc5 Nf5 52. Ree5 Nd4 {Hoping for ...Qf1.}
53. Rh5 $2 (53. Rc7 {is a better defense.}) 53... Qe2 54. Kg3 Qe3+ 55. Kg4 Ne6
(55... Qf2 $142 56. Rhf5+ Kg7 57. Rg5+ Kf8 58. Rc8+ Ke7) 56. Rcf5+ Kg7 57. g3
Qe1 {A wild game.  Weighted Error Value: White=0.97/Black=0.69} (57... Qe2+
$142 58. Kh4 Nd4 59. Rfg5+ Kf8) 0-1

[Event "GCT Paris Blitz 2021"]
[Site "Paris"]
[Date "2021.06.21"]
[Round "1"]
[White "Vachier-Lagrave, Maxime"]
[Black "Kramnik, Vladimir"]
[Result "1-0"]
[WhiteElo "2760"]
[BlackElo "2797"]
[Annotator "TA"]
[PlyCount "195"]
[EventDate "2021.06.21"]
[EventType "tourn"]
[EventCountry "FRA"]
[SourceTitle "playchess.com"]
[Source "ChessBase"]
[SourceQuality "1"]

{[%evp 22,195,38,35,34,33,41,25,37,25,37,23,42,41,44,50,37,17,17,18,16,18,21,
25,94,109,144,154,164,158,167,170,296,219,219,219,185,207,204,208,200,200,181,
157,139,36,36,36,36,36,36,29,36,29,36,29,29,19,58,36,36,36,43,29,29,8,11,0,0,0,
8,8,29,29,29,29,29,29,29,29,29,29,29,29,29,29,29,29,29,29,29,29,29,29,29,29,29,
8,29,29,29,29,29,29,29,29,29,14,29,0,5,0,29,29,29,29,29,5,29,29,29,29,29,29,29,
7,29,7,29,29,29,29,29,29,29,0,7,7,29,29,29,29,29,29,29,29,29,29,29,29,29,29,29,
29,29,29,29,8,29,29,29,0,0,0,0,0,0,0,0,0,0,0,0,0,0,0]} 1. c4 c5 2. g3 g6 3. Bg2
Bg7 4. Nf3 Nc6 5. Nc3 d6 6. O-O Bf5 7. b3 Nf6 8. Bb2 O-O 9. d4 cxd4 10. Nxd4
Nxd4 11. Qxd4 Ne4 12. Qe3 Nxc3 {A39: Symmetrical English vs ...g6: 4 Bg2 Bg7 5
Nf3 Nf6 6 0-0 0-0 7 d4.} 13. Bxc3 Bxc3 14. Qxc3 Qc7 {White has an edge.} 15. a4
$5 {[%mdl 4] A promising side line.} a5 {[#]} 16. Rad1 $146 {[%cal Ba1d1,Bd1d5,
Bd5b5,Bb5b6,Bb6d6][%mdl 32]} ({Predecessor:} 16. h4 h5 17. Rad1 Rac8 18. Rd5 b6
19. Bf3 e6 20. Rb5 {1/2-1/2 (39) Skembris,S (2473)-Tzouganakis,P (2185)
Paleochora 2014}) 16... Rac8 17. h4 b6 18. h5 $36 {[%mdl 2048] White has good
play.} gxh5 19. Rd5 e6 20. Rb5 d5 {[%cal Rd5c4]} 21. Rc1 dxc4 22. bxc4 Qd7 (
22... Qd6 $11) 23. Rxb6 $16 Qxa4 {[#]} 24. c5 $1 {[%cal Bc4c5,Bc5c6,Bc6c7]
[%mdl 32]} h4 {[#]} 25. c6 $1 hxg3 26. Qxg3+ Kh8 (26... Qg4 {was necessary.}
27. c7 Qxg3 28. fxg3 e5) 27. c7 Qd4 28. Rd6 Qb2 29. Qc3+ Qxc3 30. Rxc3 e5 31.
Bb7 Rce8 32. f3 Kg7 33. Ra6 (33. Rd5 $16) 33... Bc8 $1 $14 {[%cal Rc8b7]} 34.
Bxc8 Rxc8 35. Rxa5 {[%mdl 4096] Endgame KRR-KRR} f6 36. Rc6 Rf7 37. Rac5 Rd7
38. Kf2 Kf7 39. Kg3 Kg6 40. Kg4 h5+ 41. Kh4 Re7 42. e4 Rd7 43. Kg3 Rh7 44. Rxe5
Rcxc7 45. Ra6 h4+ 46. Kh3 Rcf7 47. Rf5 Rh5 48. Rf4 Rf8 49. Rg4+ Rg5 50. Kxh4 {
Hoping for Rxg5+.} Rxg4+ 51. Kxg4 $11 {Strongly threatening e5. KR-KR} Re8 52.
Kf4 Re7 53. Ke3 Kf7 54. f4 Rb7 55. Kf3 Rb4 56. Ra7+ Kf8 57. Rc7 Ra4 58. Ke3 Rb4
59. Kd3 Ra4 60. Rc4 Ra1 61. Kd4 Rf1 62. f5 Rd1+ 63. Kc5 Ke7 64. Kc6 Rd6+ 65.
Kb7 Rd1 66. Rc6 Rd7+ 67. Kb6 Rd1 68. Re6+ Kf7 69. Kc7 (69. Kc5 {looks sharper.}
Rc1+ 70. Kd4 Rd1+ 71. Kc4 Rf1 72. Ra6) 69... Rd4 70. Kc6 Ra4 71. Kc5 Ra5+ 72.
Kb4 Ra8 73. Kb5 (73. Kc4 {keeps more tension.} Rb8 74. Ra6 Rb1 75. Kd3 Rb4 76.
Ra3) 73... Ra1 (73... Rc8 {with more complications.} 74. Rc6 Re8 75. Rc4 Re5+
76. Kb4 Kg7) 74. Rc6 Re1 75. Rc7+ Kf8 76. Rc4 Ke7 77. Kc6 Re2 78. Kb7 Rb2+ 79.
Kc7 Re2 (79... Ra2 {seems wilder.} 80. Rd4 Ra5 81. Kc6 Re5 82. Ra4 Kf8) 80. Kc6
Re1 81. Ra4 Rc1+ 82. Kd5 Rd1+ 83. Kc5 Rc1+ 84. Kd4 Rd1+ 85. Ke3 Re1+ 86. Kf2
Rb1 87. Ra7+ Ke8 88. Kf3 Re1 89. Kg4 Rh1 90. Rb7 Kf8 91. e5 fxe5 {The position
is equal.} 92. Kg5 e4 93. Kg6 {Threatens to win with Rb8+.} (93. Kf4 {feels
hotter.} Re1 94. Rb8+ Kg7 95. Rb7+ Kf6 96. Rb6+) 93... Rg1+ 94. Kf6 {[%cal
Rb7b8]} Kg8 95. Rb8+ Kh7 96. Re8 Re1 97. Kf7 {aiming for f6.} e3 98. f6 {
[%mdl 32768] Black defended with fortune.  Weighted Error Value: White=0.10/
Black=0.10. Loss on time!?} 1-0

[Event "GCT Paris Blitz 2021"]
[Site "Paris"]
[Date "2021.06.21"]
[Round "1"]
[White "Svidler, Peter"]
[Black "Aronian, Levon"]
[Result "0-1"]
[WhiteElo "2714"]
[BlackElo "2781"]
[Annotator "TA"]
[PlyCount "84"]
[EventDate "2021.06.21"]
[EventType "tourn"]
[EventCountry "FRA"]
[SourceTitle "playchess.com"]
[Source "ChessBase"]
[SourceQuality "1"]

{[%evp 12,84,55,43,44,31,38,27,22,37,27,25,27,14,13,19,54,38,40,40,43,37,52,45,
43,42,43,34,43,1,-2,-36,4,2,50,-78,-81,-75,-89,-90,-94,-130,-46,-36,-56,-40,
-56,-54,-25,-58,-58,-65,-64,-240,-247,-725,-33,-38,-34,-222,-216,-217,-132,
-138,-88,-178,-168,-181,-179,-203,-111,-98,-80,-706,-699]} 1. e4 e5 2. Nf3 Nc6
3. Bb5 a6 4. Ba4 Nf6 5. O-O b5 6. Bb3 Bc5 7. a4 Rb8 {C78: Ruy Lopez:
Archangelsk and Möller Defences.} ({Don't blunder} 7... Nxe4 $2 8. axb5 Nxf2 9.
Qe2 $18 (9. Rxf2 Bxf2+ 10. Kxf2 Nd4 $16)) 8. Nxe5 Nxe5 9. d4 Bxd4 {White has
an edge.} 10. Qxd4 d6 11. Bf4 c5 12. Qe3 {next Bxe5 is good for White.} c4 13.
Ba2 O-O 14. Nc3 b4 15. Ne2 {[#]} Qc7 $146 ({Predecessor:} 15... Be6 16. f3 b3
17. Bb1 h6 18. Qd4 Nc6 19. Qc3 Rb7 20. cxb3 Rxb3 21. Qc1 Qb6+ {1/2-1/2 (74)
Kulaots,K (2579)-Narayanan,S (2532) Stockholm 2018}) 16. Rad1 Re8 17. Qd4 Rb6
18. f3 Be6 19. Be3 Rc6 20. Qa7 Qa5 21. c3 Nd3 {aiming for ...b3.} 22. cxb4 Qxa4
{[#]} 23. Bb1 (23. Nd4 $1 $14 {keeps the upper hand.} Rcc8 24. Nxe6 Qxa2 25.
Nd4) 23... Nxb2 $17 24. Rc1 Qxb4 25. Nd4 Rcc8 26. Qxa6 c3 (26... Bd7 $17 27.
Bf2 d5) 27. Qb5 Qa3 28. Nxe6 fxe6 29. Bc2 {Threatens to win with Ra1.} Nc4 30.
Bd4 e5 31. Bf2 Qb2 $36 {[%mdl 2048] Black fights for an advantage.} 32. Qb3 (
32. Qa6 $15) 32... d5 $19 {...Nd2 is the strong threat.} 33. exd5 $2 (33. Qa4
Na3 34. Bd3) 33... Qxb3 $2 (33... Nd2 $19 34. Qa4 Ra8) 34. Bxb3 $15 Nd2 ({
But not} 34... Nxd5 35. Rfd1 $14) 35. Ba2 (35. Ba4 $15) 35... Nxf1 36. Kxf1 e4
37. d6+ Kf8 38. Bb6 (38. Bd4 $17 Red8 39. Rxc3) 38... Rc6 $19 39. Ba5 exf3 40.
d7 {[#] Threatening mate with Bb4+.} Nxd7 ({Black should try} 40... fxg2+ $1
$19 41. Kg1 Nxd7) 41. Bb4+ $17 {[#]} Re7 $1 42. Re1 $2 {[%mdl 8192]} (42. gxf3
$17 Ke8 43. Bxe7 Kxe7 44. Bb1) 42... Nc5 {Weighted Error Value: White=0.57/
Black=0.34} 0-1

[Event "GCT Paris Blitz 2021"]
[Site "Paris"]
[Date "2021.06.21"]
[Round "2"]
[White "Kramnik, Vladimir"]
[Black "Svidler, Peter"]
[Result "1-0"]
[WhiteElo "2797"]
[BlackElo "2714"]
[Annotator "TA"]
[PlyCount "47"]
[EventDate "2021.06.21"]
[EventType "tourn"]
[EventCountry "FRA"]
[SourceTitle "playchess.com"]
[Source "ChessBase"]
[SourceQuality "1"]

{[%evp 12,47,11,0,9,18,15,18,32,32,72,52,112,112,110,60,53,48,73,51,89,94,302,
283,297,281,292,299,307,0,0,0,0,0,567,570,965,916]} 1. e4 c5 2. Nf3 d6 3. d4
cxd4 4. Nxd4 Nf6 5. Nc3 a6 6. Bc4 e6 7. Be3 (7. Bb3 Nbd7 8. Be3 Nc5 9. f3 h5
10. Qd2 b5 11. O-O-O Bd7 12. Kb1 Qc7 13. a3 Qb7 14. Rhe1 Be7 15. Bg5 b4 16.
axb4 Qxb4 17. e5 dxe5 18. Rxe5 {1/2-1/2 (115) Kramnik,V (2753)-Svidler,P (2723)
chess24.com INT 2020}) 7... Qc7 {B86: Sicilian Scheveningen/Najdorf: 6 Bc4,
without early ...b5.} 8. Bb3 Nbd7 9. f3 h5 {[#] The position is equal.} 10. a3
$5 $146 {[%mdl 8] New and interesting.} ({Predecessor:} 10. Qe2 Nc5 11. O-O-O
Be7 12. Rhe1 b5 13. Bg5 b4 14. Nb1 Nxb3+ 15. axb3 Bb7 16. Nd2 {1/2-1/2 (29)
Markgraf,A (2483)-Blohberger,F (2434) Germany 2020}) 10... Ne5 11. Qe2 Bd7 (
11... Ned7 $14) 12. f4 $16 Neg4 13. O-O-O Nxe3 14. Qxe3 g6 15. Kb1 Bh6 16. Qf3
Rc8 $2 (16... O-O-O $16) 17. f5 $1 $18 {[%cal Rf5e6]} gxf5 18. exf5 e5 {[#]}
19. Ne6 {[%mdl 512]} Qc6 {[#]} (19... Qb6 20. Nd5) 20. Nd5 $2 Nxd5 $11 21. Bxd5
Qxc2+ 22. Ka1 Rg8 $2 {[%mdl 8192]} (22... Bc6 $1 $11 {and Black is okay.}) 23.
Qxh5 $18 Bc6 {[#] aiming for ...Bxd5.} 24. Nd4 $1 {[%mdl 512] Weighted Error
Value: White=0.28/Black=0.87} 1-0

[Event "GCT Paris Blitz 2021"]
[Site "Paris"]
[Date "2021.06.21"]
[Round "2"]
[White "Nepomniachtchi, Ian"]
[Black "Caruana, Fabiano"]
[Result "1-0"]
[WhiteElo "2792"]
[BlackElo "2820"]
[Annotator "TA"]
[PlyCount "127"]
[EventDate "2021.06.21"]
[EventType "tourn"]
[EventCountry "FRA"]
[SourceTitle "playchess.com"]
[Source "ChessBase"]
[SourceQuality "1"]

{[%evp 12,127,1,5,12,0,25,25,28,26,27,21,18,0,15,15,17,17,19,17,17,4,5,-1,29,
11,11,12,43,38,38,45,64,18,12,19,14,22,64,17,16,19,64,66,92,92,92,92,92,84,92,
84,84,73,77,55,104,108,103,87,92,38,46,31,31,25,31,31,39,39,39,0,39,39,54,0,0,
0,54,54,101,54,54,0,0,0,13,13,54,0,54,54,54,0,0,0,7,0,0,0,0,0,0,0,0,0,467,452,
378,377,339,258,496,493,3152,2713,29966,29963]} 1. e4 e5 2. Nf3 Nc6 3. Bc4 Nf6
4. d3 h6 5. Nc3 Bc5 6. h3 d6 {6...a6 deserves study.} 7. Na4 Bb6 {C50:
Hungarian Defence and Giuoco Pianissimo.} 8. a3 Be6 9. Bxe6 fxe6 {White has an
edge.} 10. b4 $5 {[%mdl 4] A promising side line.} O-O 11. O-O Qe8 {[#]} 12. c4
$146 ({Predecessor:} 12. c3 Nh5 13. Nxb6 axb6 14. g3 Rf6 15. Be3 Qg6 16. Nh4
Qf7 17. Ng2 b5 18. Qe2 {0-1 (35) Benda,H (2334)-Diermair,A (2488) Austria 2017}
) 12... Nd4 13. Nxb6 Nxf3+ 14. Qxf3 axb6 15. Qe2 Qg6 16. Ra2 Nh5 17. Qg4 Kh7
18. Qxg6+ Kxg6 19. a4 Nf6 20. Be3 Nd7 21. Rfa1 Nb8 22. a5 bxa5 23. Rxa5 Rxa5
24. Rxa5 $11 {[%mdl 4096] Endgame KRB-KRN} Na6 25. b5 Nb4 26. Ra3 c5 27. Bd2
Nc2 28. Ra7 Rf7 29. f3 Rd7 30. Kf2 Kf6 31. Ra2 Nd4 32. Bc3 d5 33. Ra8 dxc4 34.
dxc4 b6 35. Ra6 Rb7 36. Ke3 ({White should try} 36. h4 $16) 36... g5 37. Kd3 h5
38. Be1 h4 39. Bf2 Kf7 40. Be3 Kf6 41. Bd2 Nb3 {[#] aiming for ...Rd7+.} (41...
Rd7 $5 {[%cal Rd4f3]} 42. Kc3 Ne2+ 43. Kc2 Nd4+ 44. Kc3 Ne2+ 45. Kc2 Nd4+ 46.
Kc3 $11) 42. Bc3 Nd4 43. Ra8 (43. Kd2 $14) 43... Rd7 44. Ke3 Rb7 ({Black
should play} 44... Nc2+ $11 45. Ke2 Nd4+ 46. Kf2 Nc2) 45. Kf2 Nb3 46. Ra3 Nd4
47. Bd2 (47. Ra2 $14) 47... Rd7 {And now ...Nc2! would win.} 48. Bc1 Rd8 49.
Ra6 Rb8 50. Ra7 (50. Be3 $14) 50... Kg6 (50... Rd8 $11) 51. Be3 Kf6 52. g3 (52.
Ra2 $14) 52... Kg6 53. Ra6 Rb7 54. Ra8 Rf7 55. Bxd4 ({Much worse is} 55. Rg8+
Kh7 $17) 55... cxd4 56. gxh4 gxh4 {KR-KR} 57. Rb8 Rc7 58. Rxb6 {Black must now
prevent Rc6.} Rxc4 {[%mdl 8192]} (58... Kf7 $11 {and Black has nothing to
worry.}) 59. Rxe6+ $18 Kf7 60. Rxe5 Rc2+ 61. Kf1 Rc3 $2 (61... Rh2 62. Rd5 Rxh3
) 62. Ke2 Rc2+ (62... Rb3 $142 63. Kd2 Kg6) 63. Kd3 {[%mdl 64] [#] Double
Attack} Rc3+ 64. Kxd4 {Weighted Error Value: White=0.13/Black=0.43} 1-0

[Event "GCT Paris Blitz 2021"]
[Site "Paris"]
[Date "2021.06.21"]
[Round "2"]
[White "So, Wesley"]
[Black "Radjabov, Teimour"]
[Result "1-0"]
[WhiteElo "2770"]
[BlackElo "2765"]
[Annotator "TA"]
[PlyCount "93"]
[EventDate "2021.06.21"]
[EventType "tourn"]
[EventCountry "FRA"]
[SourceTitle "playchess.com"]
[Source "ChessBase"]
[SourceQuality "1"]

{[%evp 20,93,0,3,5,22,22,31,23,19,20,17,23,26,27,27,27,27,25,22,26,29,31,-92,
-72,-83,-81,-136,0,0,0,-49,-6,-17,0,-342,57,38,36,0,0,0,0,0,0,0,0,0,0,0,0,-2,
62,-281,-8,-8,70,76,183,160,745,742,723,652,1381,1295,2116,1987,29975,11475,
29982,29983,29988,29989,29988,29988]} 1. e4 e6 2. d4 d5 3. Nc3 Nf6 4. e5 Nfd7
5. f4 c5 6. Nf3 Nc6 7. Be3 cxd4 8. Nxd4 Qb6 9. Qd2 Qxb2 10. Rb1 Qa3 11. Bb5 $1
{And now Rb3 would win.} Nxd4 {C11: French: Classical System: 4 e5 and 4 Bg5
dxe4.} 12. Bxd4 (12. Qxd4 a6 $17) 12... a6 {The main line 12...a6 scores
better than 12...Bb4.} 13. Bxd7+ Bxd7 {White is slightly better.} 14. Rb3 Qe7
15. Rxb7 Rc8 16. O-O Qd8 17. Qe3 Rc4 18. Rfb1 $1 Be7 19. f5 Bg5 20. Qd3 {
Strongly threatening Ne4!} O-O {[#]} 21. R1b6 $146 (21. Ne4 $1 $14 {keeps the
upper hand.} Bc8 22. Bb6 $1 {[%mdl 512]} (22. Nxg5 Qxg5 23. R7b6 exf5 $15)
22... Be3+ 23. Qxe3) ({Predecessor:} 21. f6 gxf6 22. Ne4 Rxd4 23. Qxd4 fxe5 24.
Qxe5 dxe4 25. Rd1 Be3+ 26. Kh1 Qh4 27. Rbxd7 {1-0 (45) Muzychuk,A (2576)
-Goryachkina,A (2478) Monte Carlo 2017}) 21... Bc6 $36 {[%mdl 2048] Black is
in control.} 22. Ra7 exf5 23. Rbxa6 (23. Raxa6 $142 Qc8 24. Ra7) 23... Qc8 (
23... Qe8 $1 $17 24. Ra5 (24. Qxf5 Rxd4 25. Qxg5 Rc4 $17) 24... Qe6) 24. a4 $11
f4 25. Ne2 Bd7 {...Bf5 is the strong threat.} (25... f3 $5 26. gxf3 Qh3 $15)
26. c3 $1 Bf5 27. Qd2 {[%mdl 8192] [#]} (27. Qf3 $11 {and White has nothing to
worry.}) 27... Be4 $2 (27... f3 $1 $19 28. Nf4 Qb8 29. gxf3 Bc8) 28. e6 $1 $14
{Threatens to win with h4.} Rc7 $1 {[%cal Rc7a7]} 29. h4 (29. Rxc7 $5 {[%cal
Re6f7]} Qxa6 30. Nxf4 $14) 29... Bh6 {White must now prevent ...Rxa7.} ({
Avoid the trap} 29... Bxh4 $2 30. Qxf4 Rxa7 31. Rxa7 $18) 30. Rxc7 Qxc7 31. Ra7
Qb8 ({Don't go for} 31... f3 $2 32. Rxc7 Bxd2 33. gxf3 $18) 32. exf7+ Rxf7 33.
Rxf7 Kxf7 34. Qa2 Qc8 {Hoping for ...Qg4!} 35. Qb2 Kg6 (35... Qg4 $11 36. Qb7+
Kg6 37. Qc6+ Kh5 38. Qe8+ Kxh4 39. Bf2+ Kg5 40. Qe5+ Qf5) 36. Kf1 $2 {[%mdl
8192]} (36. Qb6+ $14 Kh5 37. Be5) 36... Kh5 $2 (36... Qg4 $19 37. Ke1 Qxh4+ 38.
Kd1 Bg5) 37. Ng1 $11 Bd3+ (37... Qc4+ $11 38. Qe2+ Qxe2+ 39. Kxe2 Bf5) 38. Kf2
$1 $14 Qg4 ({Don't blunder} 38... Kxh4 $2 39. Nf3+ Kh5 40. Ne5 $18) (38... Qc4
$16 {was called for.}) 39. Nf3 $18 Be4 $2 {[#]} (39... g5 $16) 40. Qe2 $1 g5
41. hxg5 Bxg5 42. a5 {[%cal Ba4a5,Ba5a6,Ba6a7][%mdl 32]} Bd8 43. a6 Kh6 44. a7
Qc8 45. Qa2 {White mates.} Qa8 46. Qa6+ Kh5 47. Qe6 {Weighted Error Value:
White=0.37/Black=0.83} 1-0

[Event "GCT Paris Blitz 2021"]
[Site "Paris"]
[Date "2021.06.21"]
[Round "2"]
[White "Rapport, Richard"]
[Black "Aronian, Levon"]
[Result "1/2-1/2"]
[WhiteElo "2763"]
[BlackElo "2781"]
[Annotator "TA"]
[PlyCount "65"]
[EventDate "2021.06.21"]
[EventType "tourn"]
[EventCountry "FRA"]
[SourceTitle "playchess.com"]
[Source "ChessBase"]
[SourceQuality "1"]

{[%evp 9,65,-17,0,-5,0,-19,-19,-31,-30,-44,-33,-8,-13,-7,-7,-7,-6,-10,-8,-8,-8,
-11,0,0,0,0,0,0,0,2,8,18,14,8,8,8,8,8,10,7,13,0,0,0,0,0,0,0,0,0,11,0,13,0,11,0,
40,0]} 1. Nf3 d5 2. g3 g6 3. c4 dxc4 4. Na3 Bg7 5. Nxc4 Be6 6. Qc2 {A09: Réti
Opening: 1 Nf3 d5 2 c4.} c5 7. Bg2 Nc6 {[%cal Bb8c6,Bc6d4,Bd4e2][%mdl 32]
Strongly threatening ...Nb4.} 8. O-O {[#] The position is equal.} Nh6 $146 ({
Predecessor:} 8... Rc8 9. d3 Nh6 10. Nce5 Nxe5 11. Nxe5 Bxe5 12. Bxh6 Qd7 13.
Rad1 f6 14. b3 Kf7 {0-1 (40) Olafsson,F-Keres,P Bled/Zagreb/Belgrade 1959}) 9.
Ne3 Rc8 10. Qxc5 Nd4 11. Qxa7 {[#] And now Nxd4 would win.} Nxe2+ 12. Kh1 O-O
13. d4 Nf5 14. Nxf5 Bxf5 15. Qxb7 Nxc1 16. Raxc1 Rb8 17. Qa7 Rxb2 18. Ne5 Bxe5
19. dxe5 Be6 20. a4 Bd5 21. Rfd1 Bxg2+ 22. Kxg2 Qa8+ 23. Qxa8 Rxa8 $11 {
[%mdl 4096] Endgame KRR-KRR} 24. Rc4 {Black must now prevent Rd7.} Ra5 25. Re4
Ra2 26. Rdd4 Kg7 27. h4 h6 28. Rc4 g5 29. h5 Rd5 30. Rcd4 Rc5 31. Rc4 Rd5 32.
Rcd4 Rc5 33. Rc4 {Weighted Error Value: White=0.05/Black=0.03} 1/2-1/2